Born in Santa Barbara/California - Statistics

General Stats
  • This quiz has been taken 14 times
  • The average score is 3 of 8
Answer Stats
Hint Answer % Correct
Singer, "I Kissed a Girl" "Hot n Cold" "California Gurls" "Dark Horse" 1984 Katy Perry
100%
Member of the British royal family, daughter of Meghan and Harry and seventh in the line of succession 2021 Lilibet
44%
Former quarterback who spent the majority of his career with the Philadelphia Eagles 1963 Randall Cunningham
44%
Comedian, actress and YouTuber, best known for her character Miranda Sings 1986 Colleen Ballinger
33%
Director, "The Devil's Advocate" "Ray" "An Officer and a Gentleman" 1944 Taylor Hackford
22%
Founder of Change.org 1980 Ben Rattray
11%
Lead guitarist of the "Fo Fighters" 1971 Chris Shiflett
11%
Actress, "It Follows" "Longlegs" "Watcher" 1993 Maika Monroe
11%
No matching quizzes found
Score Distribution
Percent of People with Each Score
Percentile by Number Answered
Your Score History
You have not taken this quiz